Biodiversity Issues for consideration in the palnning, establishment and management of protected area sites and networks
Bewaard in:
| Formaat: | Boek |
|---|---|
| Taal: | Undetermined |
| Gepubliceerd in: |
Kuala Lunper
Secretariat of the Conservation on Biologiacal Diversity
2004
|
| Onderwerpen: | |
| Tags: |
Voeg label toe
Geen labels, Wees de eerste die dit record labelt!
|
| Thư viện lưu trữ: | Trung tâm Học liệu Trường Đại học Cần Thơ |
|---|
| LEADER | 00601nam a2200169Ia 4500 | ||
|---|---|---|---|
| 001 | CTU_122518 | ||
| 008 | 210402s9999 xx 000 0 und d | ||
| 082 | |a 333.9516 | ||
| 082 | |b B615 | ||
| 245 | 0 | |a Biodiversity Issues for consideration in the palnning, establishment and management of protected area sites and networks | |
| 260 | |a Kuala Lunper | ||
| 260 | |b Secretariat of the Conservation on Biologiacal Diversity | ||
| 260 | |c 2004 | ||
| 650 | |a Biological diversity,Biological diversity | ||
| 650 | |x Conversation | ||
| 904 | |i M.Loan | ||
| 980 | |a Trung tâm Học liệu Trường Đại học Cần Thơ | ||